000 00589nam a2200181 i 4500
001 31370
003 ES-MaACL
005 20230906154352.0
007 t|
008 030129s1860 fr ||||1| fre d
100 1 _aBaudoz, A.
_926533
245 1 0 _aHistoire de la guerre de l'Espagne avec le Maroc /
_cpubliée sous la direction de MM. A. Baudoz et I. Osiris.
260 _aParís :
_bLebigre-Duquesne frères,
_c1860.
300 _aLXVI, 348 p. :
_bil. ;
_c23 cm.
650 0 4 _aGuerra hispano-marroquí, 1859-1860.
_913209
700 1 _aOsiris, I.
_9160089
852 _aES-MaACL
_jG-7796
999 _c31370
_d31370